| 000 | 00501nam a2200169 i 4500 | ||
|---|---|---|---|
| 001 | 167385 | ||
| 003 | ES-MaACL | ||
| 005 | 20230906213520.0 | ||
| 008 | 000822s1891 fr |||| | fre d | ||
| 040 |
_aCCPB | B _bspa _cCCPB | B |
||
| 100 | 1 |
_aVibert, J.G. _9133663 |
|
| 245 | 1 | 3 |
_aLa science de la peinture / _cpar J.-G. Vibert. |
| 260 |
_aParis : _bPaul Ollendorff, _c1891. |
||
| 300 |
_aVIII, 332 p. ; _c17 cm. |
||
| 650 | 4 |
_aPintura- _xTécnica. _916012 |
|
| 852 |
_aES-MaACL _jF-1670 _z-- Rúst. |
||
| 999 |
_c167385 _d167385 |
||